World guide to scientific associations and learned societies (Record no. 40834)

MARC details
000 -LEADER
fixed length control field 00301nam a2200109Ia 4500
082 ## - DEWEY DECIMAL CLASSIFICATION NUMBER
Classification number 061.6(058)(100)
Item number WOR
245 #0 - TITLE STATEMENT
Title World guide to scientific associations and learned societies
250 ## - EDITION STATEMENT
Edition statement Ed.6
260 ## - PUBLICATION, DISTRIBUTION, ETC. (IMPRINT)
Place of publication London
Name of publisher K G Saur
Year of publication 1994
942 ## - ADDED ENTRY ELEMENTS (KOHA)
Koha item type Books
Holdings
Withdrawn status Lost status Damaged status Not for loan Home library Current library Date acquired Cost, normal purchase price Full call number Accession Number Koha item type
        RRII Library RRII Library 16/12/2021 398.00 061.6(058)(100) WOR 21128 Books